Sócrates

Guardat en:
Dades bibliogràfiques
Autor principal: Mondolfo, Rodolfo (autor)
Format: Llibre
Idioma:espanyol
Publicat: Buenos Aires Universitaria 1976
Edició:9a. ed
Col·lecció:Colección cuadernos, 8
Matèries:
Etiquetes: Afegir etiqueta
Sense etiquetes, Sigues el primer a etiquetar aquest registre!

MARC

LEADER 00000nam a2200000 a 4500
001 UCY5877
003 CL-VaPUC
008 950512e19760000AG |||||||||||||||||spa|d
082 0 4 |a 183.2  |b MON  |2 21 
100 |a Mondolfo, Rodolfo  |e autor  |9 339183 
245 1 0 |a Sócrates 
250 |a 9a. ed 
300 |a 151 p 
942 |c BK 
945 |d 19950512 00:00:00  |a oaravena 
260 |a Buenos Aires  |b Universitaria  |c 1976 
600 0 |a Sócrates  |9 266368 
650 0 |a Historia  |9 255047 
650 0 |a Ética  |9 255099 
650 0 |a Biografías  |9 255210 
650 0 |a Filosofía antigua   |9 255705 
650 0 |a Filosofía del espíritu  |9 320175 
651 0 |a Grecia  |9 265314 
583 |a last modification  |c 19950512 00:00:00  |k Rodrigo Vera 
490 0 |a Colección cuadernos, 8 
999 |c 233483  |d 233481 
952 |0 0  |1 0  |4 0  |6 183_200000000000000_MON_1976  |7 0  |8 P  |9 239043  |a BIBEDU  |b BIBEDU  |c BIBEDU_PB  |d 2019-11-18  |i 1501534  |o 183.2 MON 1976  |p 1501534  |r 2024-01-25  |w 2019-11-18  |y BK  |k FIL 
952 |0 0  |1 0  |4 0  |6 183_200000000000000_MON_1976  |7 0  |8 P  |9 239044  |a BIBEDU  |b BIBEDU  |c BIBEDU_PB  |d 2019-11-18  |i 1566156  |o 183.2 MON 1976  |p 1566156  |r 2024-01-25  |w 2019-11-18  |y BK  |k FIL